| 000 | 00375nam a2200145 4500 | ||
|---|---|---|---|
| 999 |
_c526 _d526 |
||
| 008 | 191010b ||||| |||| 00| 0 eng d | ||
| 082 | 0 | 0 |
_a001.6424 _bS6314 |
| 100 |
_948 _aSlater, L.J. |
||
| 245 | 1 | 0 |
_aFirst Steps in Basic Fortran _c[By] L.J Slater |
| 250 | _a1st | ||
| 260 |
_aLondon: _bChapman and Hall, _c1971. |
||
| 300 | _avii,104p. | ||
| 650 | 0 | _aFortran | |
| 942 |
_2ddc _cBK |
||